1115 1696 1156 1734 1826 1399 1271 1350 1026 1689 1389 1045 1157 1176 1165 1395 1827 1983 1182 1997 1853 1969 1547 1365 1593 1123 1157 1870 1502 1906 1279 1948 1391 1088 1646 1581 1479 1622 1868 1599 1042 1444 1892 1514 1359 1060 1720 1744 1939 1685 1917 1083 1817 1421 1694 1145 1744 1935 1904 1028 1868 1901 1097 1699 1476 1622 1651 1789 1412 1151 1231 1841 1888 1610 1224 1052 1727 1680 1598 1862 1764 1467 1190 1883 1466 1708 1331 1671 1324 1009 1919 1641 1015 1470 1701 1688 1817 1879 1410 BCNSPRNW ULIB Ver.6.0+V

เปลี่ยนเป็นภาษาไทย

Change to English
 แสดงรายละเอียดบรรณานุกรม
  กลับหน้าหลัก

Brief Record : Get Marc (ISO 2709) : E-mail record : QR code < ปิดหน้าต่าง
LEADER : 00000nam 2200000uu 4500
001    13399122987
003     ULIB
008    020711s2551 th a 000 0 tha d
020    9789744465702
090    นว.^bท121ร 2551 ล.2
100    ทมยันตี
245    ร่มฉัตร เล่ม2/^cทมยันตี
250    พิมพ์ครั้งที่ 9
260    กรุงเทพฯ :^bณ บ้านวรรณกรรม,^c2551
300    606 หน้า
710 1  ณ บ้านวรรณกรรม
945    ^p720^l0^i15296
995    ทศพร
999 ^a ทศพร
รายการนี้ยังไม่มีแท็ก
คุณยังไม่ได้ล็อกอิน คุณสามารถมีกิจกรรมร่วมกับเว็บไซต์ได้ แต่ต้องล็อกอินก่อน ::
  ล็อกอิน

รายการสื่อสารสนเทศ

ลำดับที่ ประเภท เลขเรียก/บาร์โค้ด สถานที่ สถานะ
1. นวนิยาย
นวนิยาย
นว. ท121ร 2551 ล.2 ฉ.1 
  Barcode: 15296
ห้องสมุดวิทยาเขตนครสวรรค์
►นวนิยาย:l:Fiction
บนชั้น

รายการใกล้เคียง
    ผู้แต่ง [ทมยันตี]

BibComment


ยังไม่เคยถูกคอมเมนท์

คอมเมนท์ทรัพยากรรายการนี้
  คอมเมนท์: ร่มฉัตร เล่ม2 ทมย..


 Copyright 2026. Bcnsprnw @Library